000 00618nam a22002177a 4500
003 UA-OsUOA
001 63091
007 ta
008 20090917b un ||||| |||| 00| 0 ukr d
100 _aКульчицький С.
090 _a94(477)
_bК90
942 _cSA
040 _aUA-OsUOA
_bukr
_cUA-OsUOA
_dUA-OsUOA
245 _aСічень 1933 року: від голоду ду Голодомору
300 _aС.174-193
955 _a0
041 _aukr
080 _a94(477)
773 0 _w63090
_tСучасність
_dК.
_d2009
_g2
650 7 _a9 Географія. Біографії. Історія
_2UDC
999 _c349184
_d349184